| 000 | 01194nam a22002657a 4500 | ||
|---|---|---|---|
| 001 | 7989 | ||
| 003 | FISKH | ||
| 005 | 20250818100441.0 | ||
| 008 | 250818b cb ||||| |||| 00| 0 eng d | ||
| 020 | _a9780721421193 | ||
| 040 |
_aFISKH _beng _cFISKH _dFISKH |
||
| 050 | _aPZ7 | ||
| 082 | _a823.914 | ||
| 100 | _aGrahame, Kenneth | ||
| 245 |
_aWind in the willows / _cillustrated by John Parience |
||
| 260 |
_aUnited Kingdom : _bPeter haddock, _c1996. |
||
| 300 |
_a10 unnumbered pages : _bcolor illustrations ; _c19 cm |
||
| 505 | _aM | ||
| 520 | _aIn Vincent Toad’s spirited desire to abandon the simpler pleasures of boating, he becomes enthralled by the freedom of life on the road—a gypsy caravan, travel, and ever-shifting horizons. Known as the "The Open Road" chapter or story from The Wind in the Willows, it's often published in standalone or abridged formats for younger audiences. In this edition, the narrative is tailored for children's board books—focusing on vivid imagery and concise storytelling. | ||
| 521 | 8 |
_a530
_bLexile estimate |
|
| 521 | 8 |
_aM
_bRaz-Plus |
|
| 700 |
_aParience, John _eillustrator |
||
| 942 |
_2ddc _cBK _n0 |
||
| 999 |
_c7989 _d7989 |
||